00933 2200349 4500001002100000005001500021035002000036245007700056240002200133100003300155250000600188300004000194700002500234264005000259336004400309337003000353338002300383082001000406084001600416020002200432504001700454990001100471990001100482990001100493990001100504990001100515990001100526990001100537990001100548990001100559990001300570INLIS00000000000000720220606103623 a0010-06220000041 aAkidah dan Akhlak :buntuk Kelas XI Madrasah Aliyah /cRoli Abdul Rohman aAkidah dan Akhlak0 aRoli Abdul RahmanePengarang a2 a270 :bIlustrasi ;c17.6 cm x 25 cm0 aM.KhamzahePengarang aSolo :bTiga Serangkai Pustaka Mandiri,c2020 2rdacontentaAkhlak dan studi pengajaran 2rdamediaaTanpa Perantara 2rdacarrieraVolume a297.2 a297.2 ROL a a978-623-269-059-2 ahlm. 145-146 a220010 a220011 a220012 a220013 a220014 a220015 a220016 a220017 a220018 a24000424